| 000 | 00818nam a2200229Ia 4500 | ||
|---|---|---|---|
| 003 | OSt | ||
| 005 | 20220926021858.0 | ||
| 006 | a|||||r|||| 00| 0 | ||
| 007 | ta | ||
| 008 | 220923b |||||||| |||| 00| 0 eng d | ||
| 037 | _cGeneral Book | ||
| 040 |
_aRTL _cRTL _beng |
||
| 041 |
_2eng _aeng |
||
| 082 | _aVIN45,936:8.N62, K2,2/UN | ||
| 110 |
_aUNITED NATIONS , ECONOMIC AND SOCIAL COUNCIL, OFFICIAL RECORDS: 23RD SESSIONS _9327086 |
||
| 245 | 0 |
_aCommittee for industrial development _b Report of second session, 5-28 March 1962 |
|
| 260 |
_aNew York _bUnited Nations _c1962 |
||
| 300 |
_a41p _ccm. |
||
| 700 |
_aUNITED NATIONS , ECONOMIC AND SOCIAL COUNCIL, OFFICIAL RECORDS: 23RD SESSIONS _9327087 |
||
| 942 |
_hVIN45,936:8.N62, K2,2/UN _cGB _2CC |
||
| 999 |
_c637916 _d637916 |
||